|
|
|
|
| LEADER |
00000nam2a2200000 4500 |
| 001 |
126130 |
| 005 |
20231031131732.0 |
| 010 |
|
|
|a 9785276010625
|
| 035 |
|
|
|a (RuTPU)RU\TPU\book\136460
|
| 090 |
|
|
|a 126130
|
| 100 |
|
|
|a 20071123d2007 m y0rusy50 ca
|
| 101 |
0 |
|
|a rus
|
| 102 |
|
|
|a RU
|
| 105 |
|
|
|a y j 001zy
|
| 200 |
0 |
|
|a Ч. 1
|
| 210 |
|
|
|d 2007
|
| 215 |
|
|
|a 276 с.
|
| 320 |
|
|
|a Библиогр.: с. 266-271.
|
| 330 |
|
|
|a Настоящее издание входит в серию учебных пособий по курсу «История науки и техники». В соответствии с учебным планом содержит сведения по истории становления человеческой цивилизации: об этапах развития техники и технологий, по истории современной промышленности. Первая часть пособия рассказывает об истории возникновения первых орудий труда и технологий, а также знакомит читателя с краткой историей легкой и пищевой промышленности. Предназначено для студентов всех направлений и специальностей, изучающих курс «История науки и техники». Рекомендовано редакционно-издательским советом Московского государственного индустриального университета в качестве учебного пособия.
|
| 461 |
|
1 |
|0 (RuTPU)RU\TPU\book\144737
|t История науки и техники. Материалы и технологии
|o учебное пособие
|f А. А. Шейпак
|g Московский государственный индустриальный университет
|v Ч. 1
|d 2007
|
| 610 |
1 |
|
|a наука
|
| 610 |
1 |
|
|a техника
|
| 610 |
1 |
|
|a история
|
| 610 |
1 |
|
|a материалы
|
| 610 |
1 |
|
|a технологии
|
| 610 |
1 |
|
|a изобретения
|
| 610 |
1 |
|
|a охота
|
| 610 |
1 |
|
|a деревообработка
|
| 610 |
1 |
|
|a керамика
|
| 610 |
1 |
|
|a стекло
|
| 610 |
1 |
|
|a пластмассы
|
| 610 |
1 |
|
|a пища
|
| 610 |
1 |
|
|a пища
|
| 610 |
1 |
|
|a напитки
|
| 610 |
1 |
|
|a одежда
|
| 610 |
1 |
|
|a обувь
|
| 610 |
1 |
|
|a ткани
|
| 610 |
1 |
|
|a шитье
|
| 610 |
1 |
|
|a косметика
|
| 610 |
1 |
|
|a мода
|
| 610 |
1 |
|
|a учебные пособия
|
| 675 |
|
|
|a 62(09)(075.8)
|v 3
|
| 686 |
|
|
|a Ч213я73
|2 rubbk
|
| 801 |
|
1 |
|a RU
|b 63413507
|c 20071123
|g PSBO
|
| 801 |
|
2 |
|a RU
|b 63413507
|c 20211220
|g PSBO
|
| 942 |
|
|
|c BK
|
| 959 |
|
|
|a 83/20071122
|d 2
|e 130,00
|f АНЛ:1
|f ЧЗТЛ:1
|